[Event "1st Donetsk Masters"]
[Site "Donetsk UKR"]
[Date "2011.02.27"]
[Round "4"]
[White "Gavrish,L"]
[Black "Kovalchuk,Al RUS"]
[Result "1-0"]
[WhiteElo "2094"]
[BlackElo "2178"]

1.d4 Nf6 2.c4 g6 3.Nc3 d5 4.cxd5 Nxd5 5.e4 Nxc3 6.bxc3 Bg7 7.Nf3 c5 8.Bb5+ Nd7
9.O-O O-O 10.Bg5 a6 11.Bc4 Nb6 12.Be2 cxd4 13.cxd4 Bg4 14.Rb1 Bxf3 15.gxf3 Bxd4
16.Bxe7 Qxe7 17.Qxd4 Nd7 18.Rxb7 Qg5+ 19.Kh1 Nc5 20.Rg1 Qh5 21.Re7 Ne6 22.Qf6 Rac8
23.Bd1 Rc1 24.Rd7 Qh3 25.Bb3 Rxg1+ 26.Kxg1 Ng5 27.Rd3 h6 28.Qxg6+ Kh8 29.Qf6+ Kg8
30.Qf5 Qxf5 31.exf5 Kg7 32.Kg2 Kf6 33.h4 Nh7 34.Rd6+ Kxf5 35.Bc2+ Ke5 36.Rxa6 f5
37.f4+ Kxf4 38.Ra4+ Ke5 39.f4+ Kd5 40.Ra5+ Ke6 41.Ra6+ Kd5 42.Kf3 Nf6 43.Ra5+ Kd4
44.Rxf5 Rf7 45.Bb3 Rf8 46.Be6 h5 47.a4 Kd3 48.a5 Kd2 49.a6  1-0

[Event "27th Open"]
[Site "Cappelle la Grande FRA"]
[Date "2011.02.28"]
[Round "4.3"]
[White "Vovk,Y"]
[Black "Sasikiran,K"]
[Result "1-0"]
[WhiteElo "2539"]
[BlackElo "2690"]

1.d4 Nf6 2.c4 g6 3.Nc3 d5 4.cxd5 Nxd5 5.e4 Nxc3 6.bxc3 Bg7 7.Bg5 c5 8.Rc1 Qa5
9.Qd2 b5 10.Nf3 Nd7 11.Bd3 c4 12.Bb1 Qa3 13.O-O O-O 14.d5 Re8 15.Nd4 a6 16.f4 Qd6
17.Kh1 Bb7 18.Qe3 Rac8 19.Rcd1 b4 20.Qh3 Rc7 21.Ne6 Bxc3 22.e5 Qb6 23.Bxg6 fxg6
24.Qh6 Qxe6 25.dxe6 Nf8 26.f5 Be4 27.f6 exf6 28.exf6 Nxe6 29.f7+ Rxf7 30.Rxf7 Nxg5
31.Rfd7 Nf7 32.Qf4 Bf5 33.Rb7 Be6 34.Rb8 Rxb8 35.Qxb8+ Kg7 36.Qb6 Bf5 37.Qxa6 Ne5
38.Rd5 Bd3 39.Qd6 Nf7 40.Qe7 Bf5 41.Rb5 b3 42.Rb7 bxa2 43.Qxf7+ Kh6 44.Qxh7+ Kg5
45.Qe7+ Kf4 46.Qh4+ Ke3 47.Qg3+ Kd2 48.Qf2+ Kd3 49.Qxa2 Bd2 50.Rc7 c3 51.Qc4+ Kc2
52.Ra7 Bc1 53.g4 Bd3 54.Ra2+ Bb2 55.Rxb2+ Kxb2 56.Qxd3 c2 57.Qd2 Kb1 58.Qb4+ Ka2
59.Qc3  1-0

[Event "27th Open"]
[Site "Cappelle la Grande FRA"]
[Date "2011.03.01"]
[Round "5.36"]
[White "Batsiashvili,N"]
[Black "Gopal,G"]
[Result "1/2-1/2"]
[WhiteElo "2396"]
[BlackElo "2597"]

1.d4 Nf6 2.c4 g6 3.Nc3 d5 4.cxd5 Nxd5 5.e4 Nxc3 6.bxc3 Bg7 7.Bg5 c5 8.Rc1 O-O
9.Nf3 Bg4 10.d5 Qd6 11.Be2 Nd7 12.O-O Bxf3 13.Bxf3 c4 14.Qa4 Rfc8 15.Bg4 Rc7
16.f4 Nc5 17.Qxc4 Ne6 18.Qb3 Nxg5 19.fxg5 Qb6+ 20.Kh1 Qxb3 21.axb3 Rxc3 22.Rxc3 Bxc3
23.Rc1 Be5 24.g3 a5 25.Rc8+ Rxc8 26.Bxc8 b6 27.Kg2 Kg7 28.Kf3 f6 29.h4 Bb2
30.Bd7 Bc1 31.Kg4 Bd2 32.Be8 Bc1 33.Bd7 Bb2 34.Be8 Be5 35.Bd7 Bd6 36.Kf3 fxg5
37.hxg5 h6 38.gxh6+ Kxh6 39.g4 Kg5 40.Be8 Kf6 41.Ke3 g5 42.Kd3 Ke5 43.Bd7 Kf4
44.Bf5 b5 45.Kc2 Be5 46.Kd3 Bd6 47.Kc2 Ke3 48.Bd7 Kxe4 49.Bxb5 Kxd5 50.Kd3 Bc5
51.Bd7 Bb6 52.Bc8 Ba7 53.Bb7+ Ke5 54.Bc8 Bb6 55.Bd7 Kf4 56.Ke2 Ke4 57.Be6 Bg1
58.Bc8 Bh2 59.Be6 Bd6 60.Bc8 e5 61.Bd7 Kd4 62.Bc8 Bc7 63.Bd7 Bb6 64.Bc8 Kc3
65.Be6 Bc5 66.Bg8 e4 67.Bf7 Kd4 68.Be6 Be7 69.Bc8 Kd5 70.Bd7 Kd6 71.Bc8 Bd8
72.Bb7 Ke5 73.Bc8 Kf4 74.Bd7 e3 75.Bc8 Ke4 76.Bd7 Kd4 77.Bc8 Kc3 78.Be6 Bb6
79.Bg8 a4 80.bxa4 Kb4  1/2-1/2

[Event "Brunei IM1 2011"]
[Site "Bandar Seri Begawan BRU"]
[Date "2011.03.02"]
[Round "7"]
[White "Abidin,Z"]
[Black "Yee Soon Wei"]
[Result "0-1"]
[WhiteElo "2179"]
[BlackElo "2285"]

1.d4 Nf6 2.c4 g6 3.Nc3 d5 4.cxd5 Nxd5 5.e4 Nxc3 6.bxc3 Bg7 7.Bd3 O-O 8.Ne2 c5
9.Be3 cxd4 10.cxd4 Nc6 11.e5 Nb4 12.Bc4 Bf5 13.O-O Rc8 14.Rc1 Bc2 15.Rxc2 Nxc2
16.Qxc2 b5 17.Bxf7+ Rxf7 18.Qb3 a6 19.Nf4 Qc7 20.Ne6 Qc4 21.Nc5 Qxb3 22.axb3 Rff8
23.Nxa6 Rc3 24.Nc5 Ra8 25.h3 Kf7 26.Rb1 Ra3 27.Kf1 e6 28.Bd2 Rc2 29.Bb4 Raa2
30.Ne4 Bf8 31.Be1 h6 32.b4 Rab2 33.Ra1 Bxb4 34.Bxb4 Rxb4 35.Ra7+ Kf8 36.Ra8+ Ke7
37.Ra7+ Kd8 38.Ra8+ Kc7 39.Ra7+ Kb6 40.Ra1 Rxd4 41.f3 b4 42.Kg1 b3 43.Ra8 b2  0-1

[Event "27th Open"]
[Site "Cappelle la Grande FRA"]
[Date "2011.03.03"]
[Round "7.21"]
[White "Demuth,A"]
[Black "Vuckovic,Bo"]
[Result "1/2-1/2"]
[WhiteElo "2360"]
[BlackElo "2623"]

1.d4 Nf6 2.c4 g6 3.Nc3 d5 4.cxd5 Nxd5 5.e4 Nxc3 6.bxc3 Bg7 7.Nf3 c5 8.Rb1 O-O
9.Be2 b6 10.O-O Bb7 11.Qd3 Qc7 12.d5 Nd7 13.c4 e6 14.Bb2 Bxb2 15.Rxb2 exd5
16.exd5 Rae8 17.Bd1 Qd6 18.Ba4 Re7 19.Re2 Rfe8 20.Rfe1 Bc8 21.h3 Rxe2 22.Rxe2 Rxe2
23.Qxe2 Nf6 24.Qe3 a6 25.Bc6 Kg7 26.Qb3 Qf4 27.Qxb6 Qc1+ 28.Kh2 Qf4+ 29.Kg1 Bxh3
30.gxh3 Qxf3 31.Qxc5 Qxh3 32.d6 Qg4+ 33.Kf1 h5 34.f3 Qh3+ 35.Ke2 Qh2+ 36.Kd3 Qxa2
37.d7 Qb3+ 38.Ke2 Qc2+ 39.Ke3 Qc3+ 40.Ke2 Qc2+ 41.Ke3 Qc3+ 42.Ke2 Qc2+  1/2-1/2

[Event "27th Open"]
[Site "Cappelle la Grande FRA"]
[Date "2011.03.05"]
[Round "9.17"]
[White "Lalic,B"]
[Black "Gopal,G"]
[Result "1/2-1/2"]
[WhiteElo "2491"]
[BlackElo "2597"]

1.d4 Nf6 2.c4 g6 3.Nc3 d5 4.cxd5 Nxd5 5.e4 Nxc3 6.bxc3 Bg7 7.Qa4+ Qd7 8.Qb3 O-O
9.Nf3 b6 10.Bd3 c5 11.Be3 Nc6 12.Rd1 cxd4 13.cxd4 Bb7 14.O-O e6 15.Bb5 Qd6
16.Rfe1 Rac8 17.d5 exd5 18.Bxc6 Bxc6 19.Bd4 Bxd4 20.Rxd4 Bd7 21.Rxd5  1/2-1/2

[Event "TCh-CZE 2010-11"]
[Site "Czech Rep CZE"]
[Date "2011.03.05"]
[Round "8.1"]
[White "Polak,T"]
[Black "Ftacnik,L"]
[Result "1/2-1/2"]
[WhiteElo "2532"]
[BlackElo "2578"]

1.d4 Nf6 2.c4 g6 3.Nc3 d5 4.cxd5 Nxd5 5.e4 Nxc3 6.bxc3 Bg7 7.Nf3 c5 8.Rb1 O-O
9.Be2 Nc6 10.d5 Ne5 11.Nxe5 Bxe5 12.Qd2 Bg7 13.c4 e6 14.f4 e5 15.Bb2 Qd6
16.O-O exf4 17.Qxf4 Qxf4 18.Rxf4 Bxb2 19.Rxb2 f6 20.Bd3 Kg7 21.h4 b6 22.Rbf2 Bd7
23.g4 h6 24.g5 hxg5 25.hxg5 fxg5 26.Rxf8 Rxf8 27.Rxf8 Kxf8 28.Kf2 Ke7 29.e5 Bf5
30.Bxf5 gxf5 31.a4  1/2-1/2

[Event "ch-RUS U20"]
[Site "St Petersburg RUS"]
[Date "2011.03.11"]
[Round "7"]
[White "Goganov,A"]
[Black "Matlakov,M"]
[Result "1/2-1/2"]
[WhiteElo "2469"]
[BlackElo "2625"]

1.d4 Nf6 2.c4 g6 3.Nc3 d5 4.cxd5 Nxd5 5.e4 Nxc3 6.bxc3 Bg7 7.Nf3 c5 8.Be3 Bg4
9.Rb1 Nc6 10.Rxb7 O-O 11.Rb5 cxd4 12.cxd4 Bxd4 13.Rd5 Bc3+ 14.Bd2 Bxd2+ 15.Qxd2 Qb6
16.Rb5 Qc7 17.Be2 Bxf3 18.Bxf3 Rab8 19.Rxb8 Rxb8 20.O-O Qe5 21.Qd7 Qc5 22.Qc7 Qb6
23.Qf4 Qa5 24.Rc1 Ne5 25.h4 Rd8 26.Be2 f6 27.Qe3 Kg7 28.f4 Nf7 29.Bc4 Rc8
30.Bxf7 Qb6 31.Re1 Kxf7 32.Qxb6 axb6 33.Kf2 Rc3 34.Re3 Rc2+ 35.Re2 Rc3 36.Re3 Rc2+
37.Re2 Rc3 38.Re3 Rc2+ 39.Re2 Rc3 40.Re3 Rc2+  1/2-1/2

[Event "FSIM March"]
[Site "Budapest HUN"]
[Date "2011.03.12"]
[Round "8"]
[White "Koczo,K"]
[Black "Bagi,M"]
[Result "1/2-1/2"]
[WhiteElo "2264"]
[BlackElo "2238"]

1.d4 Nf6 2.c4 g6 3.Nc3 d5 4.cxd5 Nxd5 5.e4 Nxc3 6.bxc3 Bg7 7.Be3 c5 8.Rc1 Qa5
9.Qd2 O-O 10.Nf3 Rd8 11.d5 e6 12.c4 Qxd2+ 13.Nxd2 b6 14.Be2 Nd7 15.Bg5 Re8
16.Kd1 f6 17.Bf4 e5 18.Be3 f5 19.f3 Nf6 20.Kc2 Bd7 21.Kb3 Rec8 22.Rc2 Ne8
23.Rb2 Nd6 24.a4 Bf6 25.Ra1 Rab8 26.Kc2 f4 27.Bf2 Bd8 28.a5 Bc7 29.axb6 axb6
30.Ra7 Rb7 31.Rba2 g5 32.Nb1 Rcb8 33.Nc3 Kf7 34.Rxb7 Rxb7 35.Kd3 h5 36.Bd1 Ke7
37.Ba4 Ra7 38.Bxd7 Rxa2 39.Nxa2 Kxd7 40.Nc3 Bd8 41.Na4 Kc7 42.Kc3 g4 43.Nb2 Nf7
44.Kd3 gxf3 45.gxf3 Bf6 46.Be1 Kd6 47.Na4 Kc7 48.Nc3 Nd6 49.Bf2 Kd7 50.Na4 Kc7
51.Kc3 Nf7 52.Kd3 Nd6 53.Nb2 Nf7 54.Ke2 Kd6 55.Kf1 Kc7 56.Kg2 Be7 57.Be1 Kd6
58.Bc3 Bd8 59.Na4 Kd7 60.Nb2  1/2-1/2

[Event "TCh-SVK Extraliga 2010-11"]
[Site "Slovakia SVK"]
[Date "2011.03.12"]
[Round "7.2"]
[White "Vovk,Y"]
[Black "Hagara,E"]
[Result "1-0"]
[WhiteElo "2539"]
[BlackElo "2407"]

1.d4 Nf6 2.c4 g6 3.Nc3 d5 4.cxd5 Nxd5 5.e4 Nxc3 6.bxc3 Bg7 7.Bg5 c5 8.Rc1 Qa5
9.Qd2 Nd7 10.Nf3 e5 11.Nxe5 Nxe5 12.dxe5 O-O 13.f4 Re8 14.Bc4 h6 15.Bh4 Qa4
16.Bd5 Be6 17.O-O Bxd5 18.Qxd5 b6 19.Rcd1 Rac8 20.Bg3 Qc6 21.Qxc6 Rxc6 22.Rd7 a6
23.Rfd1 g5 24.Rd8 Rc8 25.Rxc8 Rxc8 26.f5 Re8 27.Rd5 Bf8 28.Kf2 b5 29.Kf3 a5
30.Bf2 Rc8 31.Kg4 b4 32.cxb4 axb4 33.Rd7 c4 34.e6 fxe6 35.fxe6 Bg7 36.e7 Re8
37.Kf5 Kf7 38.e5  1-0

[Event "TCh-SWE Elitserien 2010-11"]
[Site "Sweden SWE"]
[Date "2011.03.12"]
[Round "10"]
[White "Janse,R"]
[Black "Moberg,K"]
[Result "0-1"]
[WhiteElo "2178"]
[BlackElo "2290"]

1.d4 Nf6 2.c4 g6 3.Nc3 d5 4.cxd5 Nxd5 5.e4 Nxc3 6.bxc3 Bg7 7.Bc4 c5 8.Ne2 Nc6
9.Be3 O-O 10.O-O Na5 11.Bd3 b6 12.f4 cxd4 13.cxd4 f5 14.e5 e6 15.Bd2 Bb7
16.Bxa5 Qd5 17.Rf2 Qxa5 18.Bc4 Bd5 19.Qb3 Rac8 20.Bxd5 Qxd5 21.Qxd5 exd5
22.Rf3 Rc2 23.Nc3 Rd8 24.Nb5 a6 25.Rc3 Rd2 26.Nc7 Kf7 27.Re1 Rxd4 28.e6+ Ke7
29.Nxd5+ R4xd5 30.Rc7+ Ke8 31.Rxg7 Rd1 32.Kf1 Rxe1+ 33.Kxe1 Rd6 34.Rxh7 Rxe6+
35.Kd2 Re4 36.g3 Ra4 37.Kd3 Kf8 38.Rb7 b5 39.Kc3 Rxa2 40.Kd4 Re2 41.h3 Rg2
42.Ke5 Rxg3 43.Kf6 Ke8 44.h4 Rg4 45.h5 gxh5 46.Kxf5 Rg2 47.Ke6 Re2+ 48.Kd5 h4
49.Rh7 b4 50.Rxh4 a5 51.Kc4 Rc2+ 52.Kb3 Rc3+ 53.Ka2 Rc5 54.Rh7 a4 55.Ra7 b3+
56.Kb2 Rc2+ 57.Kb1 Rc4 58.f5 Rb4 59.Kb2 Kf8 60.Ra5 Kf7 61.Ka3 b2 62.Kxb4 b1=Q+
63.Kxa4 Kf6 64.Rb5 Qe4+ 65.Kb3 Qd3+ 66.Kb4 Qd4+ 67.Kb3 Qd3+ 68.Kb4 Kg5 69.Rc5 Qd6
70.Kc4 Kf4 71.Rd5 Qc6+ 72.Kd4 Qb6+ 73.Kd3 Qb3+ 74.Kd4 Qb4+ 75.Kd3 Qe4+ 76.Kc3 Qxd5  0-1

[Event "ch-PriFO A"]
[Site "Tolyatti RUS"]
[Date "2011.03.15"]
[Round "6.11"]
[White "Sanzhaev,D"]
[Black "Mikheev,S"]
[Result "1-0"]
[WhiteElo "2170"]
[BlackElo "2327"]

1.d4 Nf6 2.c4 g6 3.Nc3 d5 4.cxd5 Nxd5 5.e4 Nxc3 6.bxc3 Bg7 7.Bc4 c5 8.Ne2 Nc6
9.Be3 O-O 10.O-O Bd7 11.Rc1 Rc8 12.Qd2 Qa5 13.Rfd1 cxd4 14.cxd4 Qxd2 15.Bxd2 Rfd8
16.Be3 Na5 17.Bd3 e6 18.Bd2 Nc6 19.Bc3 Be8 20.e5 Ne7 21.Rb1 Ba4 22.Re1 Nd5
23.Bd2 Bc2 24.Bxc2 Rxc2 25.Bg5 Rd7 26.Rec1 Rdc7 27.Rxc2 Rxc2 28.Rc1 Rxe2
29.Rc8+ Bf8 30.Kf1 Nb6 31.Rxf8+ Kxf8 32.Kxe2 Ke8 33.Bc1 Kd7 34.Kf3 Nc4 35.Kg4 b5
36.Kg5 b4 37.Kh6 a5 38.Kxh7 a4 39.h4 a3 40.Bxa3 Nxa3 41.g4 Nb5 42.h5 gxh5
43.gxh5 Nxd4 44.Kg8 Ke8 45.h6 Nc6 46.h7 Ne7+ 47.Kg7 Ng6 48.h8=Q+ Nxh8 49.Kxh8 Kf8
50.Kh7 Ke8 51.Kg8 Ke7 52.Kg7 Ke8 53.Kf6 Kf8 54.Kg5 Kg7 55.Kf4 Kg6 56.Ke4 Kg5
57.Kd4 Kf4 58.Kc4 Kxe5 59.Kxb4 Kd6 60.Kc4 Kc6 61.Kd4 f6 62.a4 Kb6 63.Kc4 Ka5
64.Kc5 Kxa4 65.Kd6 e5 66.Ke6  1-0

[Event "ch-Southern FR Men"]
[Site "Armavir RUS"]
[Date "2011.03.18"]
[Round "7"]
[White "Bedia,M"]
[Black "Gubernatorov,S"]
[Result "1/2-1/2"]
[WhiteElo "2513"]
[BlackElo "2287"]

1.d4 Nf6 2.c4 g6 3.Nc3 d5 4.cxd5 Nxd5 5.e4 Nxc3 6.bxc3 Bg7 7.Bc4 c5 8.Ne2 Nc6
9.Be3 O-O 10.O-O b6 11.Rc1 Bb7 12.f3 Rc8 13.Qd2 Qd6 14.Rfd1 Rfd8 15.Bf4 Qd7
16.Bh6 cxd4 17.Bxg7 Kxg7 18.cxd4 Na5 19.Bd3 e6 20.h4 Rxc1 21.Rxc1 Qe7 22.h5 Qh4
23.hxg6 hxg6 24.Rc7 Rh8 25.Qc3 Qh2+ 26.Kf2 Qd6 27.e5 Qd8 28.Nf4 Bd5 29.Nxg6 Rh1
30.Rc8 Qd7 31.Rc7 Qd8 32.Rc8 Qd7 33.Rc7 Qd8 34.Rc8 Qd7 35.Rc7 Qd8  1/2-1/2

[Event "ch-Southern FR Men"]
[Site "Armavir RUS"]
[Date "2011.03.18"]
[Round "7"]
[White "Chub,A"]
[Black "Kudelya,I"]
[Result "0-1"]
[WhiteElo "2094"]
[BlackElo "1976"]

1.d4 Nf6 2.c4 g6 3.Nc3 d5 4.cxd5 Nxd5 5.e4 Nxc3 6.bxc3 Bg7 7.Be3 c5 8.Bc4 Nc6
9.Ne2 O-O 10.O-O Qc7 11.Rc1 Rd8 12.h3 b6 13.Qe1 Bb7 14.f4 Na5 15.Bd3 e6 16.Qf2 f5
17.e5 c4 18.Bb1 Nc6 19.g4 Ne7 20.Ng3 Qc6 21.Kh2 Kh8 22.Bd2 Rg8 23.Ne2 Raf8
24.g5 Rb8 25.h4 Rgd8 26.Kg3 Kg8 27.h5 Kf7 28.Rh1 b5 29.Bc2 a5 30.a3 Qxh1
31.Rxh1 Bxh1 32.d5 Bxd5 33.Nd4 Rb7 34.Be1 Nc6 35.Nxc6 Bxc6 36.Qh2 Kg8 37.Bd2 Bf8
38.Bc1 Bc5 39.Qe2 Rbd7 40.h6 Rd3+ 41.Bxd3 Rxd3+ 42.Kh2 Rf3 43.Qd1 Bd5 44.a4 b4
45.cxb4 axb4 46.a5 b3 47.a6 Rf2+ 48.Kg3 Ra2 49.a7 Bxa7 50.Bd2 Bd4 51.Bc1 Bc3
52.Kh3 Rf2 53.Kg3 Rf3+ 54.Kh2 Rd3  0-1

[Event "27th Budapest Spring Festival"]
[Site "Budapest HUN"]
[Date "2011.03.18"]
[Round "2"]
[White "Somogyi,I"]
[Black "Bartuszek,Andras"]
[Result "1/2-1/2"]
[WhiteElo "2176"]
[BlackElo "1841"]

1.d4 Nf6 2.c4 g6 3.Nc3 d5 4.cxd5 Nxd5 5.e4 Nxc3 6.bxc3 Bg7 7.Bc4 O-O 8.Ne2 c5
9.Be3 cxd4 10.cxd4 Nc6 11.O-O e6 12.Rc1 Na5 13.Bd3 Bd7 14.Qd2 Nc6 15.Rfd1 Re8
16.e5 Qe7 17.Nc3 f6 18.f4 f5 19.Nb5 Red8 20.Nd6 Rab8 21.Bc4 a6 22.d5 Nxe5
23.fxe5 Bxe5 24.Nxb7 Ba4 25.Nxd8 Rxd8 26.Bg5 Qc5+ 27.Kh1 Rd7 28.dxe6 Rxd2
29.e7+ Kg7 30.e8=Q Bxe8 31.Bxd2 Bb5 32.Bxb5 Qxb5 33.Be3 f4 34.Bc5 f3 35.Rf1 fxg2+
36.Kxg2 Qb2+ 37.Bf2 Qb7+ 38.Kg1 Qb2 39.a4 Qb4 40.Bg3 Qd4+ 41.Rf2 Qg4 42.Kf1 Qh3+
43.Ke1 Bxg3 44.hxg3 Qxg3 45.Rc2 h5 46.Kf1 g5 47.Rc5 h4 48.Rxg5+ Qxg5 49.Rg2 Qxg2+
50.Kxg2 Kf6 51.Kh3 Ke5 52.a5 Kd5 53.Kxh4 Kc5 54.Kg3 Kb5 55.Kf3 Kxa5 56.Ke3 Kb4
57.Kd2 Kb3 58.Kc1  1/2-1/2

[Event "TCh-BEL 2010-11"]
[Site "Ghent BEL"]
[Date "2011.03.20"]
[Round "10.7"]
[White "Goormachtigh,J"]
[Black "Coenen,M"]
[Result "1-0"]
[WhiteElo "2282"]
[BlackElo "2325"]

1.d4 Nf6 2.c4 g6 3.Nc3 d5 4.cxd5 Nxd5 5.e4 Nxc3 6.bxc3 Bg7 7.Bc4 O-O 8.Ne2 c5
9.O-O Nc6 10.Be3 Qc7 11.Rc1 Rd8 12.Qd2 b6 13.Bh6 Bb7 14.Bxg7 Kxg7 15.h4 Rac8
16.Qe3 Qd7 17.Qf4 e5 18.dxe5 Qe7 19.Bd5 Nxe5 20.Bxb7 Nd3 21.Qe3 Qxb7 22.Rcd1 Nb2
23.Rxd8 Rxd8 24.Nf4 Nc4 25.Nh5+ Kg8 26.Qh6 f6 27.Nxf6+ Kh8 28.Qg5 Rf8 29.e5 Qf7
30.f4 Ne3 31.Rf3 Nf5 32.h5 h6 33.Qxg6 Qxg6 34.hxg6 Kg7 35.g4 Nh4 36.Re3 Nxg6
37.Nh5+ Kf7 38.f5 Ne7 39.e6+ Ke8 40.Ng7+ Kd8 41.Rd3+ Kc8 42.Rd7 Nc6 43.Rf7 Rd8
44.e7 Nxe7 45.Rxe7 Rd6 46.Rxa7 Kb8 47.Re7 b5 48.Ne6 b4 49.cxb4 c4  1-0

[Event "20th Amber Rapid"]
[Site "Monaco MNC"]
[Date "2011.03.22"]
[Round "9"]
[White "Kramnik,V"]
[Black "Aronian,L"]
[Result "1/2-1/2"]
[WhiteElo "2785"]
[BlackElo "2808"]

1.d4 Nf6 2.c4 g6 3.Nc3 d5 4.cxd5 Nxd5 5.e4 Nxc3 6.bxc3 Bg7 7.Be3 c5 8.Qd2 cxd4
9.cxd4 Nc6 10.Rd1 Bg4 11.Be2 Bxe2 12.Nxe2 Na5 13.Rc1 O-O 14.O-O b5 15.Qb4 a6
16.a4 Nc4 17.axb5 Nxe3 18.fxe3 axb5 19.Qxb5 Ra3 20.Rf3 Bh6 21.Rc3 Ra1+ 22.Rf1 Rxf1+
23.Kxf1 e6 24.g3 Qa8 25.d5 Rb8 26.Ra3 Qxa3 27.Qxb8+ Bf8 28.dxe6 fxe6 29.Kf2 Qa1
30.Qb3 Qf6+ 31.Nf4 Kf7 32.Ke2 Qe5 33.Kf3 g5 34.Qb7+ Be7 35.Nd3 Qa1 36.Nf2 Qf1
37.Qb2 g4+ 38.Kxg4 Qg2 39.Qc2 h5+ 40.Kxh5 Qxh2+ 41.Kg4 Bd6 42.Kf3 Bxg3  1/2-1/2

[Event "ch-Moscow S/F 2011"]
[Site "Moscow RUS"]
[Date "2011.03.27"]
[Round "9"]
[White "Paravyan,D"]
[Black "Ustinov,Alexe"]
[Result "1-0"]
[WhiteElo "2123"]
[BlackElo "2184"]

1.d4 Nf6 2.c4 g6 3.Nc3 d5 4.cxd5 Nxd5 5.e4 Nxc3 6.bxc3 Bg7 7.Nf3 c5 8.Be3 O-O
9.Qd2 Nc6 10.d5 Qa5 11.Rc1 Rd8 12.Be2 Bg4 13.O-O e6 14.Qb2 Bxf3 15.Bxf3 Ne5
16.dxe6 Nd3 17.Qxb7 Nxc1 18.exf7+ Kh8 19.Rxc1 Qxa2 20.e5 Qe6 21.Bg5 Rf8 22.Qd5 Qxd5
23.Bxd5 Rad8 24.c4 Bxe5 25.Bxd8 Rxd8 26.Re1 Rb8 27.g3 Bd6 28.Re8+ Kg7 29.Rg8+  1-0

[Event "TCh-BEL 2010-11"]
[Site "Roux BEL"]
[Date "2011.03.27"]
[Round "11.2"]
[White "Van der Stricht,G"]
[Black "Coenen,N"]
[Result "1/2-1/2"]
[WhiteElo "2392"]
[BlackElo "2353"]

1.d4 Nf6 2.c4 g6 3.Nc3 d5 4.cxd5 Nxd5 5.e4 Nxc3 6.bxc3 Bg7 7.Be3 c5 8.Rc1 Qa5
9.Qd2 cxd4 10.cxd4 Qxd2+ 11.Kxd2 O-O 12.Bb5 Rd8 13.Ne2 Nc6 14.Bxc6 bxc6 15.Rxc6 Bb7
16.Rc7 Bxe4 17.Rxe7 Bxg2 18.Rc1 Bf8 19.Re5 Ba3 20.Rc4 Rab8 21.Nf4 Bd6 22.Ra5 Bf1
23.Nd3 Bxh2 24.Rxa7 h5 25.Rc6 h4 26.Rf6 Ra8 27.Rfxf7 Rxa7 28.Rxa7 h3 29.Nf4 Bxf4
30.Bxf4 Rxd4+ 31.Ke3 Rxf4 32.Kxf4 h2 33.Ra8+ Kg7 34.Ra7+ Kh6 35.Ra8 Kg7  1/2-1/2

[Event "ch-VIE Women Places"]
[Site "Da Lat VIE"]
[Date "2011.03.28"]
[Round "10.1"]
[White "Phan Nguyen Mai Chi"]
[Black "Nguyen,Thi Thuy Trien"]
[Result "1-0"]
[WhiteElo "2150"]
[BlackElo "1915"]

1.d4 Nf6 2.c4 g6 3.Nc3 d5 4.cxd5 Nxd5 5.e4 Nxc3 6.bxc3 Bg7 7.Bc4 c5 8.Be3 O-O
9.Ne2 cxd4 10.cxd4 Qa5+ 11.Qd2 Nc6 12.Rd1 e6 13.O-O a6 14.d5 Qxd2 15.Bxd2 exd5
16.exd5 Ne5 17.Bb3 Bd7 18.Nd4 Rac8 19.h3 Nc4 20.Bc1 b5 21.Rfe1 a5 22.Re2 a4
23.Bc2 Rfe8 24.Rxe8+ Rxe8 25.Kf1 Rc8 26.Nc6 Bf6 27.Be4 Kg7 28.Bf4 h6 29.g4 g5
30.Bh2 Kf8 31.Nb8 Be8 32.Bf5 Rd8 33.Bc7 Ne5 34.Bxd8 Bxd8 35.d6 f6 36.Rc1 Bf7
37.Rc8 Ke8 38.Na6 Bc4+ 39.Kg2 Nf7 40.Nc7+ Kf8 41.Bg6 Nxd6 42.Rxd8+ Ke7 43.Rb8 Kd7
44.Na6 Bxa2 45.Bd3 Bd5+ 46.Kg1 Bc6 47.Nb4 Kc7 48.Rf8  1-0

[Event "1st Armen Norouz Cup"]
[Site "Esfahan IRI"]
[Date "2011.03.28"]
[Round "6"]
[White "Mohazzab,S"]
[Black "Noroozi,Jamshid"]
[Result "1-0"]
[WhiteElo "1998"]
[BlackElo "1535"]

1.d4 Nf6 2.c4 g6 3.Nc3 d5 4.cxd5 Nxd5 5.e4 Nxc3 6.bxc3 Bg7 7.Nf3 c5 8.Be2 cxd4
9.cxd4 O-O 10.O-O Nc6 11.Be3 Bg4 12.d5 Bxf3 13.Bxf3 Ne5 14.Be2 Qa5 15.Qb3 Rab8
16.Rac1 Nd7 17.f4 b5 18.e5 Rfd8 19.Rfd1 a6 20.d6 exd6 21.Rxd6 Bf8 22.Rdc6 Ba3
23.Rd1 Nf8 24.Kf2 Rxd1 25.Bxd1 Ne6 26.Rxe6 fxe6 27.Qxe6+ Kf8 28.f5 Bc1 29.Qd6+ Kg7
30.Qf6+ Kg8  1-0

[Event "ch-NCA 2011"]
[Site "Managua NCA"]
[Date "2011.03.28"]
[Round "11.5"]
[White "Bravo,Will"]
[Black "Velasquez,Ro"]
[Result "1-0"]
[WhiteElo "2243"]
[BlackElo "2035"]

1.d4 Nf6 2.c4 g6 3.Nc3 d5 4.cxd5 Nxd5 5.e4 Nxc3 6.bxc3 Bg7 7.Nf3 O-O 8.Rb1 c5
9.Be2 Nc6 10.d5 Bxc3+ 11.Bd2 Bxd2+ 12.Qxd2 Nd4 13.Nxd4 cxd4 14.Qxd4 Qa5+
15.Qd2 Qxd2+ 16.Kxd2 e6 17.d6 Rd8 18.e5 b6 19.Rhc1 Bb7 20.Rc7 Bxg2 21.Rbc1 Bd5
22.Ba6 Bxa2 23.Re7 Bd5 24.Rcc7 Rf8 25.d7 Rfd8 26.Bb5 Kf8 27.Re8+ Rxe8 28.dxe8=Q+ Rxe8
29.Bxe8 Kxe8 30.Rxa7 b5 31.Kc3 g5 32.Kb4 Bc4 33.Ra8+ Ke7 34.Rg8 Bd3 35.Rxg5 Kd7
36.Rg3 Bf5 37.Kxb5 Ke7 38.Kc5 Kd7 39.Rg8 Be4 40.Kd4 Bg6 41.Ke3 Ke7 42.Kf4  1-0

[Event "JT Mangini Mem"]
[Site "Rio de Janeiro BRA"]
[Date "2011.04.01"]
[Round "4.2"]
[White "Barbosa,Ev"]
[Black "Della Morte,G"]
[Result "1/2-1/2"]
[WhiteElo "2319"]
[BlackElo "2351"]

1.d4 Nf6 2.c4 g6 3.Nc3 d5 4.cxd5 Nxd5 5.e4 Nxc3 6.bxc3 Bg7 7.Nf3 c5 8.Be3 Qa5
9.Qd2 Nc6 10.Rb1 a6 11.Rc1 O-O 12.d5 Rd8 13.c4 Qa3 14.h3 f5 15.Be2 fxe4 16.Ng5 Bb2
17.Rc2 Be5 18.O-O Nd4 19.Bxd4 Bxd4 20.Nxe4 Bf5 21.Bd3 b5 22.Qe2 b4 23.Nxc5 Bxc5
24.Bxf5 gxf5 25.Qe6+ Kh8 26.Qe5+ Kg8 27.Qe6+ Kh8 28.Qe5+  1/2-1/2

[Event "Karposh Open"]
[Site "Skopje MKD"]
[Date "2011.04.08"]
[Round "8"]
[White "Konstantinov,Aleksandar"]
[Black "Lazov,Toni"]
[Result "1-0"]
[WhiteElo "1657"]
[BlackElo "1693"]

1.d4 Nf6 2.c4 g6 3.Nc3 d5 4.cxd5 Nxd5 5.e4 Nxc3 6.bxc3 Bg7 7.Nf3 c5 8.Be3 Nc6
9.Qd2 cxd4 10.cxd4 Bg4 11.Rd1 Bxf3 12.gxf3 O-O 13.h4 e5 14.d5 Nd4 15.Bxd4 exd4
16.h5 Rc8 17.hxg6 fxg6 18.f4 Re8 19.Bg2 Qxd5 20.O-O Qf7 21.e5 Rcd8 22.Rfe1 Rf8
23.Re4 Bh6 24.Rxd4 Bxf4 25.Qe2 Qc7 26.Rxd8 Rxd8 27.Rxd8+ Qxd8 28.Qc4+ Kg7
29.Qxf4 b6 30.e6 a6 31.Qf7+ Kh6 32.e7 Qd1+ 33.Kh2 Qh5+ 34.Bh3 Qe5+ 35.Kg1 Qg5+
36.Bg2 Qc1+  1-0

[Event "TCh-CAT Div Hon"]
[Site "Barcelona ESP"]
[Date "2011.04.09"]
[Round "11"]
[White "Dominguez Pons,E"]
[Black "Vila Gazquez,X"]
[Result "0-1"]
[WhiteElo "2313"]
[BlackElo "2488"]

1.d4 Nf6 2.c4 g6 3.Nc3 d5 4.cxd5 Nxd5 5.e4 Nxc3 6.bxc3 Bg7 7.Nf3 c5 8.Rb1 O-O
9.Be2 Nc6 10.d5 Bxc3+ 11.Bd2 Bxd2+ 12.Qxd2 Na5 13.h4 Bg4 14.h5 Bxf3 15.gxf3 e5
16.Qh6 Qe7 17.d6 Qxd6 18.hxg6 Qxg6 19.Qh2 Kh8 20.Qxe5+ Qg7 21.Qxc5 Nc6 22.Qe3 Rad8
23.Qh6 Rd7 24.Bb5 Rc8 25.Bxc6 Qc3+ 26.Kf1 Qd3+ 27.Kg2 Rg8+ 28.Kh2 Qxf3  0-1

[Event "TCh-HUN 2010-11"]
[Site "Budapest HUN"]
[Date "2011.04.10"]
[Round "8"]
[White "Aczel,G"]
[Black "Groszpeter,A"]
[Result "0-1"]
[WhiteElo "2467"]
[BlackElo "2525"]

1.d4 Nf6 2.c4 g6 3.Nc3 d5 4.cxd5 Nxd5 5.e4 Nxc3 6.bxc3 Bg7 7.Bc4 c5 8.Ne2 Nc6
9.Be3 O-O 10.O-O Qc7 11.Rc1 Rd8 12.Bf4 Qd7 13.dxc5 Qe8 14.Bd5 Bd7 15.Qd3 e6
16.Bxc6 Bxc6 17.Bd6 b6 18.Qe3 bxc5 19.Bxc5 Bb7 20.c4 Qa4 21.a3 Rd7 22.e5 Qc6
23.f3 Bh6 24.Qxh6 Qxc5+ 25.Kh1 Qxe5 26.Ng3 Rc8 27.Rfe1 Qc5 28.a4 Rcd8 29.Qe3 Qxe3
30.Rxe3 Rd1+ 31.Re1 Rxe1+ 32.Rxe1 Rd2 33.Kg1 Rc2 34.Rb1 Bc6 35.Rb4 Kg7 36.a5 Ra2
37.Nf1 Rxa5 38.Rb2 f5 39.Kf2 g5 40.Nd2 Kf6 41.Nb3 Ra4 42.Nd4 Rxc4 43.Nxc6 Rxc6
44.Rb7 Rc2+ 45.Kg1 a5 46.Rxh7 a4 47.Ra7 Ra2 48.h3 a3 49.Ra5 e5 50.g4 f4 51.Ra6+ Ke7
52.Ra7+ Kd6 53.Ra6+ Kc7 54.Ra7+ Kb6 55.Ra8 Ra1+ 56.Kg2 a2 57.h4 e4 58.hxg5 e3
59.g6 e2 60.Rxa2 e1=Q  0-1

[Event "Zagreb Open B"]
[Site "Zagreb CRO"]
[Date "2011.04.11"]
[Round "1.7"]
[White "Plesnik,H"]
[Black "Mihalinec,D"]
[Result "0-1"]
[WhiteElo "1991"]
[BlackElo "2238"]

1.d4 Nf6 2.c4 g6 3.Nc3 d5 4.cxd5 Nxd5 5.e4 Nxc3 6.bxc3 Bg7 7.Bb5+ c6 8.Ba4 O-O
9.Ne2 Nd7 10.O-O Qa5 11.e5 Rd8 12.f4 Nc5 13.Bc2 Bg4 14.Bd2 Qa6 15.Rf2 Nd3
16.Bxd3 Qxd3 17.h3 Be6 18.Rf3 Qa6 19.Ng3 c5 20.Be3 Rac8 21.Qe1 cxd4 22.Bxd4 Rc4
23.f5 Bd5 24.Rf2 Ra4 25.Qe3 Qc6 26.Qg5 f6 27.exf6 Bxf6 28.Bxf6 exf6 29.Qh6 Bf7
30.fxg6 hxg6 31.Raf1 Rd6 32.Qe3 Kg7 33.Qe7 Re6 34.Qd8 Qb6 35.Qxb6 Rxb6 36.Rc1 Bxa2
37.Ra1 Bb3 38.Rxa4 Bxa4 39.Ra2 Rb1+ 40.Kf2 b5 41.Ne4 Rc1 42.Ke3 f5 43.Nc5 Rxc3+
44.Kd4 Rc4+ 45.Kd5 Rc2 46.Ra3 Rxg2 47.Nxa4 Rd2+ 48.Ke5 bxa4 49.Rxa4 Rd7 50.h4 Re7+
51.Kd6 Rf7 52.Rf4 Kf6 53.Rf1 Rh7 54.Rf4 Re7 55.Rf1 Re6+ 56.Kd5 a5 57.Rh1 f4
58.Kd4 Re5 59.Rg1 f3 60.Rf1 Rf5  0-1

[Event "TCh-CZE 2010-11"]
[Site "Czech Rep CZE"]
[Date "2011.04.16"]
[Round "10.4"]
[White "Cech,P"]
[Black "Leniart,A"]
[Result "0-1"]
[WhiteElo "2403"]
[BlackElo "2442"]

1.d4 Nf6 2.c4 g6 3.Nc3 d5 4.cxd5 Nxd5 5.e4 Nxc3 6.bxc3 Bg7 7.Nf3 c5 8.Rb1 O-O
9.Be2 b6 10.O-O Qc7 11.Bg5 Nc6 12.d5 Ne5 13.Ne1 f5 14.exf5 Bxf5 15.Rc1 c4
16.Qa4 h6 17.Bf4 Bd7 18.Bxe5 Bxe5 19.Qxc4 Bxh2+ 20.Kh1 Qxc4 21.Bxc4 Bd6 22.Bd3 Kg7
23.Nf3 Rf4 24.Kg1 Rc8 25.c4 Bg4 26.Nh2 Bf5 27.Bxf5 gxf5 28.Nf3 Rfxc4 29.Rcd1 R8c5
30.Rfe1 Re4 31.Rxe4 fxe4 32.Nd4 Kf6 33.Re1 Rxd5 34.Rxe4 Be5 35.Nf3 Rd1+ 36.Re1 Rxe1+
37.Nxe1 Bd4 38.Kf1 Ke5 39.Ke2 Kd5 40.Nd3 Kc4 41.Kd2 b5 42.g4 a5 43.f3 b4
44.Kc2 e5 45.Nc1 a4 46.Ne2 b3+ 47.axb3+ axb3+ 48.Kb1 Kd3 49.Ng3 Ke3 50.Nf5+ Kxf3
51.Nxh6 e4 52.Nf5 Be5  0-1